| 000 | 00598cam a2200217 a 4500 | ||
|---|---|---|---|
| 001 | 2113301 | ||
| 005 | 20180306030808.0 | ||
| 008 | 960319s1996 mnua d 001 0 eng | ||
| 010 | _a 96135119 | ||
| 020 | _a0314067027 | ||
| 040 |
_aDLC _cDLC _dDLC |
||
| 041 | _aeng | ||
| 080 | _a610.14 COL | ||
| 082 | 0 | 0 |
_a610.14 COL _220 |
| 100 | 1 | _a4 | |
| 101 | _aSHM | ||
| 245 | 1 | 0 |
_aModern medical language / _cC. Edward Collins and Juanita J. Davies |
| 906 |
_a7 _bcbc _corignew _d2 _encip _f19 _gy-gencatlg |
||
| 942 |
_2ddc _cBK |
||
| 999 |
_c44096 _d44096 |
||